Sopečná kríza z apríla 2010 – dopady a poučenia do budúcnosti

Analýza ekonomických dopadov európskej sopečnej krízy z apríla 2010 a návrh opatrení na efektívnejšie riešenie podobných kríz v budúcnosti.

Guardado en:
Detalles Bibliográficos
Autor principal: Grančay, Martin, 1984-2024
Formato: Capítulo de libro
Lenguaje:eslovaco
Materias:
Etiquetas: Agregar Etiqueta
Sin Etiquetas, Sea el primero en etiquetar este registro!

MARC

LEADER 00000nla$a2200000$$$4500
001 0120477
005 20240502072344.9
041 0 |a slo 
044 |a SK 
245 1 0 |a Sopečná kríza z apríla 2010 – dopady a poučenia do budúcnosti  |c Martin Grančay 
520 |a Analýza ekonomických dopadov európskej sopečnej krízy z apríla 2010 a návrh opatrení na efektívnejšie riešenie podobných kríz v budúcnosti. 
610 2 0 |a znečistenie ovzdušia 
610 2 0 |a vzduch 
610 2 0 |a Island 
610 2 0 |a doprava letecká 
610 2 0 |a ruch cestovný 
100 1 |a Grančay, Martin, 1984-2024